| 000 | 00363nam a2200157Ia 4500 | ||
|---|---|---|---|
| 008 | 230711s9999||||xx |||||||||||||| ||und|| | ||
| 041 | _aENG | ||
| 082 |
_a624 _bRU-C |
||
| 100 | _aRussell,JE | ||
| 245 | 0 | _aConstruction equipment | |
| 250 | _a3rd | ||
| 260 |
_c1985 _aNew Delhi _bReston Publication |
||
| 300 | _a247 | ||
| 650 | _aCivil Engineering | ||
| 942 | _cBK | ||
| 999 |
_c2811 _d2811 |
||